History Quiz

Random History or Letter Quiz
Score 0/26 Timer 04:00
0 Plays Today
Clue Word % Correct
Empire also known as the Turkish EmpireOttoman
91.5%
The League of _______Nations
89.4%
Gettysburg Address oratorLincoln
87.1%
Battle of Waterloo countryBelgium
84.8%
Official residence of the Russian PresidentKremlin
84.3%
Co-founder of RomeRomulus
82%
Country that replaced markka with euroFinland
81.9%
Religious group that settled in PennsylvaniaQuakers
81.8%
Coca-Cola Co. established in this city in 1886Atlanta
77.2%
First name of 12th US PresidentZachary
74.7%
Shakespeare, Wallace or CaxtonWilliam
74.5%
First President of the Russian FederationYeltsin
68.9%
First human to journey into outer spaceGagarin
61%
Clue Word % Correct
Line of hereditary rulers of a countryDynasty
58.5%
He brought Texas into the United StatesHouston
53.4%
11th century Icelandic explorerErikson
50.7%
President of Egypt from 1981 to 2011Mubarak
49%
Powerful medieval Dutch cityUtrecht
44.1%
1916 naval battle (near Denmark)Jutland
43.7%
5th century East Germanic tribeVandals
42.3%
Founding leader of the Red ArmyTrotsky
38.9%
Explorer who claimed Canada for FranceCartier
32.5%
Greco-Egyptian writer of AlexandriaPtolemy
27.1%
Architect of the Pyramid of DjoserImhotep
22%
Oklahoma tribe (originally from Ohio)Shawnee
17.4%
Hollander: New York's 'Happy Hooker'Xaviera
13.4%
Remove Ads.
Support Sporcle.
Get the best of Sporcle when you Go Orange. This ad-free experience offers more features, more stats, and more fun while also helping to support Sporcle. Thank you for becoming a member.

You're not logged in!

Compare scores with friends on all Sporcle quizzes.
OR
Log In

Show Comments

Extras

Top Quizzes Today


Score Distribution

Your Account Isn't Verified!

In order to create a playlist on Sporcle, you need to verify the email address you used during registration. Go to your Sporcle Settings to finish the process.

Report this User

Report this user for behavior that violates our Community Guidelines.

Details: